Stati per Emissioni di Anidride Carbonica - Statistics

Statistiche generali
  • Questo quiz è stato fatto 6 volte
  • Il punteggio medio è 12 su 15
Statistiche sulle risposte
Emissioni CO2 (ktCO2 / anno) Continente Nazione % Corretto
12 667 428 Asia Cina
100%
2 693 034 Asia India
100%
1 909 039 Asia / Europa Russia
100%
4 853 780 America del Nord Stati Uniti
100%
166 770 America del Sud Brasile
80%
580 072 America del Nord Canada
80%
635 503 Asia Corea del Sud
80%
673 595 Europa Germania
80%
1 082 645 Asia Giappone
80%
487 774 America del Nord Messico
80%
692 236 Asia Indonesia
60%
686 415 Asia Iran
60%
404 974 Africa Sudafrica
60%
481 247 Asia / Europa Turchia
60%
607 907 Asia Arabia Saudita
40%
Nessun quiz corrispondente trovato
Distribuzione punteggi
Percentuale di utenti per punteggio
Percentile per numero di risposta
I tuoi punteggi nel tempo
Non hai fatto questo quiz